Derecho internacional público (Record no. 156799)
[ view plain ]
| 000 -LEADER | |
|---|---|
| campo de control de longitud fija | 00841nam a22001935i 4500 |
| 001 - NÚMERO DE CONTROL | |
| campo de control | 156799 |
| 003 - IDENTIFICADOR DE NÚMERO DE CONTROL | |
| campo de control | ES-MaACL |
| 005 - FECHA Y HORA DE LA ÚLTIMA TRANSACCIÓN | |
| campo de control | 20250809025047.0 |
| 008 - DATOS DE LONGITUD FIJA--INFORMACIÓN GENERAL | |
| campo de control de longitud fija | 040804s1877 sp |||| | spa d |
| 040 ## - FUENTE DE CATALOGACIÓN | |
| Centro catalogador/agencia de origen | CAM |
| Lengua de catalogación | spa |
| Centro/agencia transcriptor | CAM |
| 100 1# - ENTRADA PRINCIPAL--NOMBRE DE PERSONA | |
| Nombre de persona | Labra, Rafael M. de, |
| Fechas asociadas al nombre | 1840-1918 |
| 9 (RLIN) | 69273 |
| 245 10 - MENCIÓN DEL TÍTULO | |
| Título | Derecho internacional público |
| Resto del título | : introduccion-historia / |
| Mención de responsabilidad, etc. | programa de las lecciones dadas en el curso académico de 1876-77 en la Institucion Libre de Enseñanza de Madrid por Rafael M. de Labra. |
| 260 ## - PUBLICACIÓN, DISTRIBUCIÓN, ETC. | |
| Lugar de publicación, distribución, etc. | Málaga : |
| Nombre del editor, distribuidor, etc. | [s.n.], |
| Fecha de publicación, distribución, etc. | 1877 ( |
| Fabricante | Imp. de la Revista de Andalucia) |
| 300 ## - DESCRIPCIÓN FÍSICA | |
| Extensión | 68 p. ; |
| Dimensiones | 22 cm. |
| 650 07 - PUNTO DE ACCESO ADICIONAL DE MATERIA--TÉRMINO DE MATERIA | |
| Término de materia o nombre geográfico como elemento de entrada | Derecho internacional público |
| Fuente del encabezamiento o término | embne |
| 9 (RLIN) | 11723 |
| 710 2# - ENTRADA AGREGADA--NOMBRE DE ENTIDAD CORPORATIVA | |
| Nombre de entidad corporativa o nombre de jurisdicción como elemento de entrada | Institución Libre de Enseñanza. |
| 9 (RLIN) | 4724 |
| 852 ## - LOCALIZACIÓN | |
| Ubicación | ES-MaACL |
| Número de control de estantería | G-14130 |
| Nota libre | -- Enc. cartón |
| -- | -- Dedicatoria ms. del autor al Ateneo de Madrid |
| Estatus retirado | Estado de pérdida | Estado de daño | No para préstamo | Colección | Biblioteca de origen | Biblioteca actual | Ubicación en estantería | Fecha de adquisición | Fuente de adquisición | Total de préstamos | Signatura topográfica completa | Código de barras | Visto por última vez | Precio de reemplazo | Tipo de ítem Koha |
|---|---|---|---|---|---|---|---|---|---|---|---|---|---|---|---|
| Libros del s. XIX | Biblioteca del Ateneo de Madrid | Biblioteca del Ateneo de Madrid | Sala Pecera Planta 3 | 17/01/2008 | G-14130 | 1164052 | 23/02/2023 | 23/02/2023 | Libro impreso antiguo |
